USA state quiz - Statistics

General Stats
  • This quiz has been taken 33 times
  • The average score is 37 of 50
Answer Stats
Answer % Correct
Alabama
93%
Alaska
93%
California
93%
Florida
93%
Hawaii
90%
Arizona
87%
Kansas
87%
Texas
83%
Arkansas
80%
Georgia
80%
Idaho
80%
Illinois
80%
Kentucky
80%
Maine
80%
Montana
80%
Ohio
80%
Washington
80%
Colorado
77%
Delaware
77%
Indiana
77%
Nevada
77%
New Jersey
77%
New Mexico
77%
New York
77%
Michigan
73%
Nebraska
73%
North Carolina
73%
Oregon
73%
Pennsylvania
73%
Rhode Island
73%
Utah
73%
Connecticut
70%
North Dakota
70%
Oklahoma
70%
South Carolina
70%
Iowa
67%
Louisiana
67%
Minnesota
67%
Mississippi
67%
New Hampshire
67%
South Dakota
67%
Tennessee
67%
Massachusetts
63%
Missouri
63%
Wyoming
63%
Maryland
60%
Vermont
60%
West Virginia
60%
Wisconsin
60%
Virginia
57%
No matching quizzes found
Score Distribution
Percent of People with Each Score
Percentile by Number Answered
Your Score History
You have not taken this quiz